Textbook of Rural Development (Record no. 221671)
[ view plain ]
| 000 -LEADER | |
|---|---|
| fixed length control field | 00861nam a22002657a 4500 |
| 005 - DATE AND TIME OF LATEST TRANSACTION | |
| control field | 20250802120204.0 |
| 008 - FIXED-LENGTH DATA ELEMENTS--GENERAL INFORMATION | |
| fixed length control field | 220303b ||||| |||| 00| 0 eng d |
| 020 ## - INTERNATIONAL STANDARD BOOK NUMBER | |
| International Standard Book Number | 9789327219722 |
| 040 ## - CATALOGING SOURCE | |
| Transcribing agency | Aloy |
| 041 ## - LANGUAGE CODE | |
| Language code of text/sound track or separate title | eng |
| 082 ## - DEWEY DECIMAL CLASSIFICATION NUMBER | |
| Edition number | 23 |
| Classification number | 307.72 |
| Item number | MONT |
| 100 ## - MAIN ENTRY--PERSONAL NAME | |
| Personal name | Sagar Mondal |
| 100 ## - MAIN ENTRY--PERSONAL NAME | |
| 9 (RLIN) | 233718 |
| 245 ## - TITLE STATEMENT | |
| Title | Textbook of Rural Development |
| 260 ## - PUBLICATION, DISTRIBUTION, ETC. | |
| Place of publication, distribution, etc. | Ludhiana |
| Name of publisher, distributor, etc. | Kalyani Publishers |
| Date of publication, distribution, etc. | 2017 |
| 300 ## - PHYSICAL DESCRIPTION | |
| Extent | x,307 p. |
| Other physical details | PB |
| Dimensions | 24x17 cm. |
| 365 ## - TRADE PRICE | |
| Source of price type code | Economics |
| Price type code | MLSH21CRB333 |
| Price amount | 144.00 |
| Currency code | ₹ |
| Unit of pricing | 180.00 |
| Price note | 20% |
| Price effective from | 20-02-2022 |
| 520 ## - SUMMARY, ETC. | |
| Summary, etc. | Textbook On Rural Development Enterpreneurship & Communication Skills |
| 650 ## - SUBJECT ADDED ENTRY--TOPICAL TERM | |
| Topical term or geographic name entry element | Development Progrmmes in India |
| 9 (RLIN) | 22425 |
| 650 ## - SUBJECT ADDED ENTRY--TOPICAL TERM | |
| Topical term or geographic name entry element | Rural Marketing |
| 9 (RLIN) | 22426 |
| 650 ## - SUBJECT ADDED ENTRY--TOPICAL TERM | |
| Topical term or geographic name entry element | Corporate Sector |
| 9 (RLIN) | 22427 |
| 650 ## - SUBJECT ADDED ENTRY--TOPICAL TERM | |
| Topical term or geographic name entry element | Disaster Management |
| 9 (RLIN) | 22428 |
| 650 ## - SUBJECT ADDED ENTRY--TOPICAL TERM | |
| Topical term or geographic name entry element | Communication Technology |
| 9 (RLIN) | 22429 |
| 700 ## - ADDED ENTRY--PERSONAL NAME | |
| Personal name | Ray, G L |
| 9 (RLIN) | 22431 |
| 942 ## - ADDED ENTRY ELEMENTS (KOHA) | |
| Source of classification or shelving scheme | Dewey Decimal Classification |
| Koha item type | Book |
| Withdrawn status | Lost status | Source of classification or shelving scheme | Damaged status | Not for loan | Collection code | Home library | Current library | Shelving location | Date acquired | Source of acquisition | Cost, normal purchase price | Total Checkouts | Full call number | Barcode | Date last seen | Date last checked out | Cost, replacement price | Price effective from | Koha item type |
|---|---|---|---|---|---|---|---|---|---|---|---|---|---|---|---|---|---|---|---|
| Dewey Decimal Classification | Reference Book | Economics | St Aloysius Library | St Aloysius Library | Reference Section | 02/25/2022 | Sapna Book House Pvt. Ltd. Mangalore-575001 | 144.00 | 1 | 307.72 MONT | 075555 | 09/04/2024 | 08/24/2024 | 180.00 | 03/03/2022 | Reference |